| 000 | 00668cam a22002291 4500 | ||
|---|---|---|---|
| 001 | sa 67002617 | ||
| 003 | DLC | ||
| 005 | 20260227112332.0 | ||
| 008 | 770509s1966 ii b 001 0 eng | ||
| 010 | _asa 67002617 | ||
| 025 | _aPL480:I-E-7302 | ||
| 035 | _a(OCoLC)2948393 | ||
| 040 |
_aDLC _cOAU _dOCoLC _dDLC |
||
| 042 | _apremarc | ||
| 050 | 0 | 0 |
_aZ3206 _b.S4 |
| 082 | _a016.9154/03 | ||
| 100 | 1 |
_aSengupta, Benoyendra, _d1910- |
|
| 245 | 1 | 0 |
_aIndiaana; _ba select list of reference & representative books on all aspects of Indian life & culture. |
| 260 |
_aCalcutta, _bWorld Press _c[1966] |
||
| 300 |
_axiv, 125 p. _c22 cm. |
||
| 651 | 0 |
_aIndia _vBibliography. |
|
| 999 |
_c73330 _d73330 |
||